000
00329nam a2200133Ia 4500
005
20251222142015.0
008
251222s9999||||xx |||||||||||||| ||spa||
020
_a
968-16-5858-2
082
_a
330.122/F97
100
_a
Furtado, Celso
245
0
_a
El Capitalismo Global
264
_b
Fondo de Cultura Económica
942
_c
LIB
999
_c
10468
_d
10468